000 00471nam a2200181Ia 4500
005 20250508151012.0
008 008 250505s9999 xx 000 0 eng d
037 _aTextual
040 _aFEDL
_beng
_cFEDL
041 _aeng
_2eng
084 _a795.3, HAR
_qFEDL
100 _aHarrison E J
_9649049
245 0 _aJudo
260 _aLondon, UK
_bW And G Foyle Limited
_c1951
300 _a104p.
942 _cTEXL
_h795.3, HAR
999 _c1326969
_d1326969